| 000 | 01058nam a22002297a 4500 | ||
|---|---|---|---|
| 005 | 20210325192132.0 | ||
| 008 | s2543 th tha d | ||
| 041 | _atha | ||
| 090 | _aว TX356 น199น 2543 | ||
| 100 | 0 | _aนภาวรรณ นพรัตนราภรณ์ | |
| 245 | 1 | 0 | _aแนวทางการสร้างอาหารไทยเป็นอาหารโลกในสิบปีข้างหน้า |
| 260 | 3 |
_aกรุงเทพฯ : _bวิทยาลัยป้องกันราชอาณาจักร, _c2543 |
|
| 300 |
_a123 หน้า : _b ตาราง ; _c 28 ซม. |
||
| 650 | 0 | 4 | _aอาหาร -- วิจัย |
| 650 | 0 | 4 | _aอาหารไทย -- วิจัย |
| 650 | 0 | 4 | _aอาหารไทย -- แนวโน้ม -- วิจัย |
| 650 | 0 | 4 | _aอาหารไทย -- ไทย -- นโยบายของรัฐ -- วิจัย |
| 850 | _aNALT | ||
| 942 | _cRSH | ||
| 997 |
_c000000000030639 _kVC |
||
| 998 | _aPIYANART | ||
| 999 |
_c30639 _d30639 |
||